Companies by Country #6 - Statistics

General Stats
  • This quiz has been taken 26 times
    25 since last reset
  • The average score is 9 of 15
Answer Stats
Company/Brand Answer % Correct
Häagen-Dazs United States of America
70%
Nordstrom Rack United States of America
70%
Outback Steakhouse United States of America
70%
Goya United States of America
65%
Mondelez International United States of America
65%
Monsanto United States of America
65%
Huy Fong Foods Inc. United States of America
60%
Ba-Tampte United States of America
60%
Ginsu United States of America
60%
Rykä United States of America
60%
Von Maur United States of America
60%
Spyderco United States of America
60%
SoBe United States of America
60%
Christensen Arms United States of America
60%
Kato Engineering United States of America
60%
No matching quizzes found
Score Distribution
Percent of People with Each Score
Percentile by Number Answered
Your Score History
You have not taken this quiz since the last reset